Albums by Cover Art - Blues Rock - Statistics

General Stats
  • This quiz has been taken 287 times
  • The average score is 9 of 20
Answer Stats
Picture Answer % Correct
Jimi Hendrix - Axis: Bold as Love
91%
The Rolling Stones - Let it Bleed
85%
Led Zeppelin - Led Zeppelin II
76%
The Doors - L.A. Woman
76%
Eric Clapton - Journeyman
71%
Derek & the Dominoes - Layla and Other Assorted Love Songs
64%
Janis Joplin - Pearl
64%
Cream - Wheels of Fire
48%
Stevie Ray Vaughan - Texas Flood
47%
Creedence Clearwater Revival - Bayou Country
43%
The Black Keys - El Camino
42%
Santana - Abraxas
36%
ZZ Top - Tres Hombres
33%
George Thorogood & the Destroyers - Bad to the Bone
26%
The Allman Brothers Band - Brothers & Sisters
22%
The Yardbirds - Having a Rave Up With the Yardbirds
21%
The Black Crowes - Shake Your Money Maker
18%
Fleetwood Mac - Then Play On
17%
The Jeff Beck Group - Truth
9%
Canned Heat - Boogie with Canned Heat
8%
No matching quizzes found
Score Distribution
Percent of People with Each Score
Percentile by Number Answered
Your Score History
You have not taken this quiz